000 00651nam a2200193Ia 4500
003 GCL
008 140319s9999 xx 000 0 ara d
040 _aGCL /
_cGCL
082 0 4 _a327.2
_bج د
100 1 _aجمال بركات
245 1 0 _aالدبلوماسية: ماضيها وحاضرها ومستقبلها /
_cجمال بركات
300 _a323 ص
490 _aالهيئة العامة للاستعلامات
_v0
650 0 4 _aالعلاقات الخارجية
650 0 4 _aالدبلوماسية
650 0 4 _aالسلك الدبلوماسى والقنصلى
650 0 4 _aالحضارة الدبلوماسية
942 _2ddc
_cBK
999 _c51812
_d51812